000
00211 a2200097 4500
001
14553
100
_a
McGregor D
245
_a
Leadership motivation
260
_a
London
_b
M.I.T press
_c
090
_c
11382
_d
11382
942
_a
NUST-CAE
_c
M
_c
1539
999
_c
249626
_d
249626